| 000 | 01283cam a22002655a 4500 | ||
|---|---|---|---|
| 001 | L160260 | ||
| 008 | 230526s2022 xxk f 000 0 eng d | ||
| 020 | _a9781783214549 | ||
| 041 | 0 | _aeng | |
| 110 | 2 |
_aRoyal Institution of Chartered Surveyors _94900 |
|
| 245 | 0 | 0 |
_aRICS Valuation Global Standards _bPoland National Supplement _h[electronic resource] |
| 250 | _a2nd | ||
| 260 |
_aLondon, _bRICS, _c2022 |
||
| 300 | _a22p. | ||
| 490 | 0 | _aRICS Global Standards | |
| 490 | 0 | _aRICS Red Book | |
| 520 | _aThis national supplement sets out supporting guidance for members on the application of RICS Valuation – Global Standards (Red Book Global Standards) to valuations undertaken subject to Polish jurisdiction.It places fresh emphasis on the fact that the content is supplemental to that in Red Book Global Standards, and not in substitution for it. This removes the need for an overall Introduction reproducing that in Red Book Global Standards | ||
| 520 | _aEffective from January 2022 | ||
| 650 | 2 | 4 | _aRED BOOK |
| 650 | 2 | 4 | _aGLOBAL VALUATION STANDARDS 2017 |
| 651 | 4 | _aPoland | |
| 690 |
_aValuation _96273 |
||
| 856 | 4 | 0 |
_uhttps://www.rics.org/content/dam/ricsglobal/documents/standards/red_book_poland_national_supplement.pdf _zView on RICS.org |
| 942 |
_n0 _2ddc |
||
| 999 |
_c121522 _d121522 |
||